000 00477nam a2200145 4500
001 107320
003 ES-MaACL
007 t|
008 061121s1958 ve r ||||1| spa d
100 1 _aMorón, Guillermo.
_983638
245 1 0 _aHistoria de Venezuela
_b: texto adaptado de los programas oficiales de educación secundaria, normal y especial /
_cGuillermo Moron.
260 _aCaracas :
_b[s.n.],
_c1958.
300 _a262 p. ;
_c21 cm.
852 _aES-MaACL
_jE-3486
_bR.42742
999 _c107320
_d107320